000 00266nam a2200109Ia 4500
008 200302s9999 xx 000 0 und d
100 _aRic Burns & Others
245 _aNew York An Illustrated History
260 _bAlfred A. Knopf
260 _c1999
300 _a575 P.,
999 _c1620
_d1620